Triết học : Hỏi và đáp
Guardat en:
| Autor principal: | |
|---|---|
| Format: | Llibre |
| Idioma: | Undetermined |
| Publicat: |
Đà Nẵng
Nhà xuất bản Đà Nẵng
2004
|
| Matèries: | |
| Etiquetes: |
Afegir etiqueta
Sense etiquetes, Sigues el primer a etiquetar aquest registre!
|
| Thư viện lưu trữ: | Trung tâm Học liệu Trường Đại học Cần Thơ |
|---|
| LEADER | 00538nam a2200205Ia 4500 | ||
|---|---|---|---|
| 001 | CTU_95914 | ||
| 008 | 210402s9999 xx 000 0 und d | ||
| 020 | |c 55000 | ||
| 082 | |a 100 | ||
| 082 | |b N338 | ||
| 100 | |a Nexmeyanop, E. E. | ||
| 245 | 0 | |a Triết học : | |
| 245 | 0 | |b Hỏi và đáp | |
| 245 | 0 | |c E. E. Nexmeyanop | |
| 260 | |a Đà Nẵng | ||
| 260 | |b Nhà xuất bản Đà Nẵng | ||
| 260 | |c 2004 | ||
| 650 | |a Philosophy | ||
| 904 | |i Nguyên | ||
| 980 | |a Trung tâm Học liệu Trường Đại học Cần Thơ | ||